El Partido Liberación Nacional: Su ideología social demócrata, principales realizaciones /
Expone la orientación ideológica y la labor que ha desarrollado el PLN en Costa Rica. Presenta un esbozo de la historia de este partido, con sus principio fundamentales y su base político - ideológica, la social democracia. Comenta las obras que el PLN ha realizado en las oportunidades en que ha dom...
Zapisane w:
| 1. autor: | |
|---|---|
| organizacja autorów: | , |
| Format: | Texto |
| Wydane: |
San José:
CEDAL
|
| Hasła przedmiotowe: | |
| Etykiety: |
Dodaj etykietę
Nie ma etykietki, Dołącz pierwszą etykiete!
|
MARC
| LEADER | 00000 a a2200000 04500 | ||
|---|---|---|---|
| 001 | 20201 | ||
| 003 | |||
| 040 | |||
| 090 | |a 083400 | ||
| 100 | |a Rodríguez Vega, Eugenio | ||
| 110 | |a Fundación Friedrich Ebert | ||
| 245 | |a El Partido Liberación Nacional: Su ideología social demócrata, principales realizaciones / |c Fundación Friedrich Ebert | ||
| 260 | |a San José: |b CEDAL | ||
| 300 | |a 54 p. | ||
| 520 | |a Expone la orientación ideológica y la labor que ha desarrollado el PLN en Costa Rica. Presenta un esbozo de la historia de este partido, con sus principio fundamentales y su base político - ideológica, la social democracia. Comenta las obras que el PLN ha realizado en las oportunidades en que ha dominado el gobierno de la República. Ubica la labor en los campos del desarrollo económico, social e institucional./ACM | ||
| 650 | |a COSTA RICA | ||
| 650 | |a PARTIDOS POLITICOS | ||
| 650 | |a DOCTRINAS POLITICAS | ||
| 650 | |a IDEOLOGIAS POLITICAS | ||
| 710 | |a CEDAL | ||
| 999 | |c 16510 |d 16510 | ||
